Perceptions of value premiums and workplace productivity in green office buildings in India (Record no. 121614)
[ view plain ]
| 000 -LEADER | |
|---|---|
| fixed length control field | 01434nam a22002177a 4500 |
| 008 - FIXED-LENGTH DATA ELEMENTS--GENERAL INFORMATION | |
| fixed length control field | 230721s2018 xxk|||||o|||| 00| 0 eng d |
| 041 ## - LANGUAGE CODE | |
| Language code of text/sound track or separate title | eng |
| 110 ## - MAIN ENTRY--CORPORATE NAME | |
| Corporate author | Royal Institution of Chartered Surveyors |
| 245 ## - TITLE STATEMENT | |
| Title | Perceptions of value premiums and workplace productivity in green office buildings in India |
| Medium | [Electronic resource] |
| 260 ## - PUBLICATION INFORMATION | |
| Place of publication | London, |
| Publisher | RICS Resesarch Trust, |
| Date | July 2018 |
| 300 ## - PHYSICAL DESCRIPTION | |
| Physical description | 34p. |
| 490 ## - SERIES TITLE | |
| Series statement | RICS Research |
| 520 ## - ABSTRACT | |
| Abstract | Green building, as defined by the Indian Green Building Council (IGBC), uses less water, optimises energy efficiency, conserves natural resources, generates less waste and provides healthier spaces for occupants, as compared to a conventional building. The purpose of this research was to understand current viability and uptake of green certified buildings among investors, developers, tenants and employers in India. With this objective, this research investigated the value premiums and workplace productivity gains associated with green certified buildings in India |
| 650 ## - KEYWORDS | |
| Keywords | GREEN BUILDINGS |
| 650 ## - KEYWORDS | |
| Keywords | RENTAL VALUES |
| 651 ## - SUBJECT ADDED ENTRY--GEOGRAPHIC NAME | |
| Geographic name | India |
| 690 ## - BROAD SUBJECT | |
| 9 (RLIN) | 6227 |
| Broad subject | Commercial property |
| 710 ## - ADDED CORPORATE NAME | |
| Added corporate author | Royal Institution of Chartered Surveyors |
| 856 ## - ONLINE RESOURCE | |
| Uniform Resource Identifier | <a href="https://www.propertyresearchtrust.org/uploads/1/3/4/8/134819607/perceptions_of_value_premiums_and_workplace_productivity_in_green_office_buildings_in_india.pdf">https://www.propertyresearchtrust.org/uploads/1/3/4/8/134819607/perceptions_of_value_premiums_and_workplace_productivity_in_green_office_buildings_in_india.pdf</a> |
| Public note | Available free via Property Research Trust |
| 942 ## - ADDED ENTRY ELEMENTS (KOHA) | |
| Suppress in OPAC | Do not suppress in OPAC |
| Lost status | Damaged status | Not for loan | Current library | Shelving location | Date acquired | Total Checkouts | Full call number | Date last seen | Price effective from | Koha item type |
|---|---|---|---|---|---|---|---|---|---|---|
| Virtual | Online | 21/07/2023 | ONLINE PUBLICATION | 21/07/2023 | 21/07/2023 | Online material |